SIA Puzzle Hunt: Land and Sea Adventure Quiz Stats

 Plays Quiz Updated Oct 5, 2016

Score 0/108 Timer 20:00
3 Plays Today
% Correct




???
100%




???
84.8%




???
82.6%




???
80.2%




???
79%




???
79%




???
78%




???
76.9%




???
76.9%




???
76.4%




???
76%




???
75.2%




???
74.7%




???
74.6%




???
72.7%




???
72.3%




???
72%




???
72%




???
71.6%




???
71.6%




???
71.3%




???
70.9%




???
70%




???
70%




???
69.9%




???
69.9%




???
69.7%




???
69.7%




???
67.6%




???
67.6%




???
58.8%




???
58.5%




???
58.1%




???
58.1%




???
58%




???
57.7%
% Correct




???
57.5%



???
57.1%




???
56.1%



???
55.2%




???
55.1%




???
55.1%




???
54.9%




???
54.9%




???
54.9%




???
53.9%




???
53.5%




???
53.5%




???
53.4%




???
53.4%




???
53.1%




???
52.9%




???
52.1%




???
52.1%




???
51.5%




???
51.5%




???
51.5%




???
51.1%




???
51.1%



???
51.1%




???
49.3%




???
49%




???
48.7%




???
48.6%




???
48.2%




???
48.2%




???
48.2%




???
48.2%




???
48.2%




???
48.1%




???
48%




???
47.9%
% Correct




???
47.9%




???
47.9%




???
45.3%




???
45.1%




???
45%



???
44.7%




???
44.4%




???
44.4%




???
43.2%




???
42.8%




???
42.4%



???
42.3%




???
41.9%




???
41%




???
40.6%




???
40.6%




???
40.3%




???
40.1%




???
39.2%




???
39%




???
38.7%




???
38.7%




???
38.6%



???
37.8%



???
36.7%




???
33.5%




???
32.7%




???
32.3%




???
31.7%




???
31.5%




???
31.3%




???
31.1%




???
30%




???
30%




???
30%




???
30%

You're not logged in!

Compare scores with friends on all Sporcle quizzes.
Join for Free
OR
Log In

You Might Also Like...

Show Comments

Extras

Top Quizzes Today


Score Distribution

Your Account Isn't Verified!

In order to create a playlist on Sporcle, you need to verify the email address you used during registration. Go to your Sporcle Settings to finish the process.

Report this User

Report this user for behavior that violates our Community Guidelines.

Details: